Текст томруулах:    
Geology today (Бичлэгийн дугаар. 145606)
000 -УДИРДЛАГА
Удирдлага 00650nam a22002297a 4500
003 - ХЯНАЛТЫН ТОО ТОДОРХОЙЛОГЧ
Код MN-UlNUM
005 - БИЧИЛТ ХИЙСЭН ОГНОО
Тухайн бичилтийг бичсэн засварласан сүүлийн огноо 20251114123154.0
008 - ЕРӨНХИЙ МЭДЭЭЛЭЛ
Ерөнхий мэдээлэл 251114s1999 nyuab||| |||| 001 0 eng |
020 ## - ISBN
ISBN 047133054X
040 ## - БИЧЛЭГ ҮҮСГЭГЧ БАЙГУУЛЛАГА
Бичлэг үүсгэгч номын сангийн код МУИС-ийн номын сан
084 ## - ББК АНГИЛАЛ
Нэмэлт тусгалт Бусад
ББК ангилал 26.3
Зохиогчийн гурван тэмдэгт M 96
Мэдлэгийн ялгаа 2 - Байгалийн шинжлэл
100 1# - ЗОХИОГЧ
Зохиогчийн нэр Murck, Barbara Winifred,
Зохиогчийн огноо 1954-
245 10 - ҮНДСЭН ГАРЧИГ
Номын нэр Geology today
Бага гарчгийн мэдээ understanding our planet
Оролцогчдын тухай мэдээ Barbara W. Murck, Brian J. Skinner.
260 ## - ГАРАЛТЫН МЭДЭЭ
Хэвлэгдсэн газар New York :
Хэвлэлийн газар John Wiley,
Хэвлэгдсэн он 1999.
300 ## - МАТЕРИАЛЫН ТОДОРХОЙЛОЛТ
хуудасны тоо 179 p. :
Бусад тоон мэдээлэл col. ill. ;
Хэмжээ 28 cm.
500 ## - Тайлбар
Дансны дугаар БС 2117
546 ## - ХЭЛНИЙ ТУХАЙ МЭДЭЭ
Хэл Англи хэл дээр,
653 ## - Түлхүүр үг
Түлхүүр үг historical geology
700 1# - ХАМ ЗОХИОГЧИД
Ба бус Skinner, Brian J.,
Dates associated with a name 1928-
942 ## - ЭЛЕМЕНТИЙН ТӨРӨЛ
Зүйлийн төрөл Ном